|
|
|
|
| LEADER |
00878pam a22002658a 4500 |
| 001 |
00023529 |
| 005 |
20171026081022.0 |
| 008 |
110626s2004 ||||||Engsd |
| 020 |
# |
# |
|a 0838407951
|
| 041 |
0 |
# |
|a Eng
|
| 082 |
1 |
4 |
|a 410.76
|b L400O
|
| 100 |
1 |
# |
|a Frommer, Paul R.
|
| 245 |
1 |
0 |
|a Looking at languages
|b a workbook elementary linguistics
|c Paul R. Frommer, Edward Finegan
|
| 250 |
# |
# |
|a 3rd ed
|
| 260 |
# |
# |
|a Boston, MA
|b Thomson/Wadsworth
|c 2004
|
| 300 |
# |
# |
|a x, 374 p.
|b tranh ảnh, bản đồ
|c 28 cm.
|
| 500 |
# |
# |
|a Typography of title proper on t.p.: Looking @t languages
|
| 650 |
# |
4 |
|a Ngôn ngữ học
|
| 653 |
# |
# |
|a Bài tập
|
| 653 |
# |
# |
|a Câu hỏi
|
| 700 |
1 |
# |
|a Finegan, Edward
|
| 852 |
# |
# |
|b Kho đọc
|j KD.0008198
|
| 852 |
# |
# |
|j KD.0008198
|
| 910 |
|
|
|d 26/06/2011
|
| 980 |
# |
# |
|a Trung tâm Học liệu Lê Vũ Hùng, Trường Đại học Đồng Tháp
|